| 000 | 00474nam a22001097a 4500 | ||
|---|---|---|---|
| 008 | 150624b xxu||||| |||| 00| 0 eng d | ||
| 010 | _8HCCRSARF: 006 | ||
| 245 | _aHIGH COURT CRIMINAL SESSION No.187 of 1970 Uganda Vs 1. Fabiano Onega 2. Sizario Ondiba | ||
| 260 | _aHigh Court Kampala | ||
| 500 | _3(original criminal Case No. MH 508 of 1969 in the chief Magistrate's court Masindi Before: J.N. Kakad Esq., Chief Magistrate Grd.1) | ||
| 500 | _3Before: Hon. Mr. Justice Youds | ||
| 999 |
_c6659 _d6659 |
||